Podi italiani ai Giochi Olimpici di Rio de Janeiro 2016 - Statistics

Statistiche generali
  • Questo quiz è stato fatto 35 volte
  • Il punteggio medio è 15 su 33
Statistiche sulle risposte
Metallo Sport Specialità M/F Nome % Corretto
Oro Nuoto 1500 sl M Gregorio Paltrinieri
100%
Oro Ciclismo su pista Omnium M Elia Viviani
94%
Argento Tuffi Trampolino 3 m sincro F Tania Cagnotto
94%
Bronzo Tuffi Trampolino 3 m F Tania Cagnotto
94%
Argento Tuffi Trampolino 3 m sincro F Francesca Dallapé
82%
Bronzo Nuoto 400 sl M Gabriele Detti
82%
Argento Beach Volley Torneo M Daniele Lupo
76%
Argento Beach Volley Torneo M Paolo Nicolai
70%
Oro Scherma Fioretto individuale M Daniele Garozzo
67%
Argento Scherma Fioretto individuale F Elisa Di Francisca
67%
Oro Judo 66 kg M Fabio Basile
67%
Argento Scherma Spada a squadre M Enrico Garozzo
64%
Bronzo Ciclismo Corsa in linea F Elisa Longo Borghini
61%
Oro Tiro a volo Skeet F Diana Bacosi
58%
Oro Tiro a segno Carabina 10 m M Nicolò Campriani
55%
Oro Tiro a segno Carabina 50 m - 3 posizioni M Nicolò Campriani
55%
Argento Scherma Spada individuale F Rossella Fiamingo
48%
Bronzo Lotta Libera 65 kg M Frank Chamizo Marquez
45%
Argento Judo 52 kg F Odette Giuffrida
45%
Argento Nuoto 10 km acque libere F Rachele Bruni
39%
Argento Tiro a volo Skeet F Chiara Cainero
36%
Oro Tiro a volo Skeet M Gabriele Rossetti
30%
Argento Tiro a volo Trap M Giovanni Pellielo
24%
Argento Scherma Spada a squadre M Paolo Pizzo
15%
Bronzo Canottaggio 2 senza M Giovanni Abagnale
12%
Argento Tiro a volo Double Trap M Marco Innocenti
12%
Argento Scherma Spada a squadre M Andrea Santarelli
6%
Bronzo Canottaggio 4 senza M Domenico Montrone
6%
Bronzo Canottaggio 4 senza M Matteo Castaldo
6%
Bronzo Canottaggio 4 senza M Matteo Lodo
6%
Bronzo Canottaggio 4 senza M Giuseppe Vicino
3%
Bronzo Canottaggio 2 senza M Marco Di Costanzo
3%
Argento Scherma Spada a squadre M Marco Fichera
3%
Nessun quiz corrispondente trovato
Distribuzione punteggi
Percentuale di utenti per punteggio
Percentile per numero di risposta
I tuoi punteggi nel tempo
Non hai fatto questo quiz